000 00447nam a2200181Ia 4500
001 21123
005 20260306172856.0
008 260306t2023||||xx |||||||||||||| ||spa||
041 _aESP
082 _a344
_bS55
100 _aSilva Sánchez, Jesús-María,
_eAUT
245 0 _aMetodología del derecho penal :
_bensayos
260 _c2023
300 _a213 páginas :
_c21 cm.
650 _aGEN
654 _aCDE
942 _cLIB
_dJUS
_fJUS
_2ddc
_n
999 _c21123
_d21123